000 00446nam a2200181Ia 4500
008 240925s9999 xx 000 0 und d
020 _a9780470607268
082 _a657.43 WAS
100 _aWasson, Dick D.
245 0 _aFinancial Accounting
250 _aNA
260 _aNew York:
_bJohn Wiley & Sons
_c,2011.
300 _a2012p.
_b0
_fOriginal
500 _aIncludes Index
600 _aManagement
650 _aAccounting
942 _cBK
999 _c14471
_d14471